Normal view
MARC view
- Upendra Rai
Entry Personal Name
001 - CONTROL NUMBER
- control field: 5818
003 - CONTROL NUMBER IDENTIFIER
- control field: OSt
005 - DATE AND TIME OF LATEST TRANSACTION
- control field: 20240203154122.0
008 - FIXED-LENGTH DATA ELEMENTS
- fixed length control field: 240203|| aca||aabn | a|a d
040 ## - CATALOGING SOURCE
- Original cataloging agency: OSt
- Transcribing agency: OSt
100 ## - HEADING--PERSONAL NAME
- Personal name: Upendra Rai
670 ## - SOURCE DATA FOUND
- Source citation: Work cat.: (OSt)13829: Upendra Rai, Complete Book for IBPS Bank PO & Clerk Examinations: Banking Awareness
